000 01287cam a22002054a 4500
005 20250605164106.0
008 250528s ||||||||||||||||||||||||d
035 _a17750
020 _a9789602311325
040 _aGR-AtMCL
_bgre
_dGR-AtMCL
_eAACR2
245 1 _aΕπίπεδα Γλωσσικής Ανάπτυξης / 5η Έκδοση
250 _a
260 _bΙνστιτούτο Νεοελληνικών Σπουδών,
_c2013
300 _a132
520 _aΈνα σύντομο χρηστικό βοήθημα στη μελέτη των μονάδων και των επιπέδων της γλωσσικής ανάλυσης, βάσει της οποίας μπορεί κανείς να επιχειρήσει μια περαιτέρω διερεύνηση των γλωσσολογικών προβλημάτων. Πρόλογος, Εισαγωγή, Φωνητική, Φωνολογία, Μορφολογία, Σύνταξη, Σημασιολογία, Πραγματολογία, Κοινωνιογλωσσολογία, Αντί Επιλόγου: Μεθοδολογικά Ζητήματα, Βιβλιογραφία, Ευρετήριο Όρων και Ονομάτων.
700 1 _aΠαυλίδου Θ.Σ
_93953
942 _cBK
999 _c3151
_d3151